000
00337nam a22001577a 4500
005
20160625161210.0
008
160625b xxu||||| |||| 00| 0 eng d
020
_a
10247
041
_a
eng
082
_b
Chandra, Grirish
245
_a
Prafulla (Bangla)
260
_b
Varma P.
300
_a
112
650
_a
Bangla
_9
2816
942
_c
BK
999
_c
4081
_d
4080